• 首页
  • 本馆介绍
  • 公告通知
  • 最新文献
  • 馆藏检索
  • 电子资源
  • 读者导购
  • 参考咨询
  • 我的图书馆
  • 登录
  • 详细信息显示
  • 放入我的书架
  • 预约/预借图书
  • 作者相关作品
  • 分类相关作品
  • 丛书相关作品
  • 出版社相关作品

书目信息

  • 表格格式
  • 工作单格式
  • 卡片格式
题名:
农业生物技术
    
 
作者: ;郭殿瑞 译 ;农业生物技术国家战略委员会 著
分册:  
出版信息: 北京   中国农业科技出版社  1988
页数: 178页
开本: 20cm
丛书名:
单 册:
中图分类: S188
科图分类:
主题词: 农业技术--生物工程--研究--美国
电子资源:
ISBN: 7-80026-032-1
000 00804nam0 2200241 450-
001 0100993771
005 20100926100924.0
010    @a7-80026-032-1@dCNY2.50
011    @a7-80026-032-1
100    @a20040223d1988 em y0chiy0120 ea
101 1  @achi@ceng
102    @aCN@b110000
105    @ay z 000yy
106    @ar
200 1  @a农业生物技术@9Nong Ye Sheng Wu Ji Shu;Zhu @e国家竞争力战略@f(美)农业生物技术国家战略委员会等著@g郭殿瑞等译@b专著
210    @a北京@c中国农业科技出版社@d1988
215    @a178页@d20cm
606 0  @a农业技术@x生物工程@x研究@y美国
690    @aS188@v4
702  0 @a郭殿瑞@f(1939~)@4译@9guo dian rui
711 02 @a农业生物技术国家战略委员会@4著@9nong ye sheng wu ji shu guo jia zhan lve wei yuan hui
801  0 @aCN@bAZmarc@c20230831
905    @aBZT@dS188@e3@f2@sS188/3
    
    农业生物技术:国家竞争力战略/(美)农业生物技术国家战略委员会等著/郭殿瑞等译.-北京:中国农业科技出版社,1988
    178页;20cm
    
    
    ISBN 7-80026-032-1:CNY2.50
    
●
相关链接 在五车中查询图书 在当当中查询图书 在豆瓣中查询图书


正题名:农业生物技术     索取号:S188/3         预约/预借

序号 登录号 条形码 馆藏地/架位号 状态 备注
1 2000108617   2000108617   旧书回溯/ [索取号:S188/3] 在馆    
2 2000108650   2000108650   旧书回溯/ [索取号:S188/3] 在馆    
山东省滨州职业学院图书馆 欢迎您!
大连网信软件有限公司© 版权所有